[Event "Moscow Open F"]
[Site "?"]
[Date "2017.01.29"]
[Round "3.9"]
[White "Bryakin, Mikhail"]
[Black "Gaboshvili, Georgy"]
[Result "1-0"]
[BlackElo "1955"]
[WhiteElo "2333"]
[LiveChessVersion "1.4.8"]

1. d4 {[%clk 1:30:57]} c5 {[%clk 1:30:54]} 2. d5 {[%clk 1:31:21]} e5
{[%clk 1:31:18]} 3. e4 {[%clk 1:31:45]} d6 {[%clk 1:31:43]} 4. c4
{[%clk 1:32:01]} Be7 {[%clk 1:32:08]} 5. Nf3 {[%clk 1:32:19]} Bg4
{[%clk 1:32:33]} 6. Be2 {[%clk 1:32:23]} Bxf3 {[%clk 1:32:47]} 7. Bxf3
{[%clk 1:32:28]} Bg5 {[%clk 1:33:08]} 8. Nc3 {[%clk 1:25:02]} Bxc1
{[%clk 1:33:04]} 9. Rxc1 {[%clk 1:25:29]} a6 {[%clk 1:31:56]} 10. a3
{[%clk 1:25:43]} Nh6 {[%clk 1:29:49]} 11. b4 {[%clk 1:21:51]} Nd7
{[%clk 1:29:17]} 12. O-O {[%clk 1:18:43]} O-O {[%clk 1:29:33]} 13. Bg4
{[%clk 1:15:06]} Nxg4 {[%clk 1:27:52]} 14. Qxg4 {[%clk 1:15:25]} Rc8
{[%clk 1:28:21]} 15. b5 {[%clk 1:11:30]} a5 {[%clk 1:23:46]} 16. Nd1
{[%clk 1:09:55]} g6 {[%clk 1:18:35]} 17. Ne3 {[%clk 1:08:24]} Kh8
{[%clk 1:15:52]} 18. g3 {[%clk 1:06:04]} Qe7 {[%clk 1:09:00]} 19. Rce1
{[%clk 1:04:50]} Rce8 {[%clk 1:06:18]} 20. h4 {[%clk 1:03:59]} b6
{[%clk 1:04:55]} 21. Qh3 {[%clk 1:02:46]} Nf6 {[%clk 1:03:08]} 22. f3
{[%clk 1:01:03]} Qd7 {[%clk 1:02:15]} 23. Qxd7 {[%clk 0:50:23]} Nxd7
{[%clk 1:01:58]} 24. Kg2 {[%clk 0:50:52]} Kg7 {[%clk 1:01:19]} 25. Rh1
{[%clk 0:48:22]} Nf6 {[%clk 1:00:40]} 26. h5 {[%clk 0:47:06]} Rd8
{[%clk 0:57:45]} 27. Rh4 {[%clk 0:40:21]} Nxh5 {[%clk 0:39:26]} 28. f4
{[%clk 0:38:48]} exf4 {[%clk 0:35:21]} 29. gxf4 {[%clk 0:38:59]} Rfe8
{[%clk 0:33:29]} 30. Rxh5 {[%clk 0:36:42]} gxh5 {[%clk 0:33:52]} 31. Nf5+
{[%clk 0:36:09]} Kf6 {[%clk 0:17:46]} 32. Nxd6 {[%clk 0:32:56]} Rxd6
{[%clk 0:18:01]} 33. e5+ {[%clk 0:33:16]} Kf5 {[%clk 0:17:46]} 34. exd6
{[%clk 0:33:31]} Rd8 {[%clk 0:18:15]} 35. Kf3 {[%clk 0:32:54]} h4
{[%clk 0:11:12]} 36. Re5+ {[%clk 0:30:03]} Kf6 {[%clk 0:10:52]} 37. Rh5
{[%clk 0:28:37]} Kg6 {[%clk 0:09:56]} 38. Rxh4 {[%clk 0:28:44]} Rxd6
{[%clk 0:10:08]} 39. Rg4+ {[%clk 0:28:57]} Kf6 {[%clk 0:09:39]} 40. Rg8
{[%clk 0:29:19]} Kf5 {[%clk 0:07:15]} 41. Rg7 {[%clk 0:28:30]} Kf6
{[%clk 0:07:07]} 42. Rxh7 {[%clk 0:28:53]} Kg6 {[%clk 0:07:29]} 43. Rh8
{[%clk 0:29:04]} Kf5 {[%clk 0:07:53]} 44. Rf8 {[%clk 0:28:36]} Rf6
{[%clk 0:08:19]} 45. Ke3 {[%clk 0:28:18]} Kg4 {[%clk 0:08:27]} 46. Rg8+
{[%clk 0:28:39]} Kh4 {[%clk 0:08:33]} 47. Ke4 {[%clk 0:28:50]} Rh6
{[%clk 0:08:04]} 48. Ke5 {[%clk 0:28:54]} Kh5 {[%clk 0:08:22]} 49. f5
{[%clk 0:28:45]} Kh4 {[%clk 0:08:43]} 50. d6 {[%clk 0:29:01]} 1-0

[Event "Moscow Open F"]
[Site "?"]
[Date "2017.01.29"]
[Round "3.10"]
[White "Taalaibekov, Tagir"]
[Black "Samusenko, Maksim"]
[Result "1/2-1/2"]
[BlackElo "2333"]
[WhiteElo "2173"]
[LiveChessVersion "1.4.8"]

1. d4 {[%clk 1:21:53]} d6 {[%clk 1:30:39]} 2. Nc3 {[%clk 1:22:11]} Nf6
{[%clk 1:30:02]} 3. e4 {[%clk 1:21:43]} e5 {[%clk 1:29:53]} 4. dxe5
{[%clk 1:22:09]} dxe5 {[%clk 1:30:15]} 5. Qxd8+ {[%clk 1:22:34]} Kxd8
{[%clk 1:30:40]} 6. f4 {[%clk 1:22:37]} Bb4 {[%clk 1:29:02]} 7. Bd3
{[%clk 1:22:13]} Re8 {[%clk 1:25:45]} 8. fxe5 {[%clk 1:20:05]} Nxe4
{[%clk 1:24:01]} 9. Nge2 {[%clk 1:03:06]} Bxc3+ {[%clk 1:06:39]} 10. bxc3
{[%clk 1:03:25]} Rxe5 {[%clk 1:06:37]} 11. O-O {[%clk 0:57:20]} Ke8
{[%clk 0:50:46]} 12. Bf4 {[%clk 0:44:14]} Re7 {[%clk 0:50:42]} 13. Bxc7
{[%clk 0:31:25]} Rxc7 {[%clk 0:26:17]} 14. Bxe4 {[%clk 0:31:52]} Re7
{[%clk 0:26:26]} 15. Bf3 {[%clk 0:29:51]} Nd7 {[%clk 0:25:59]} 16. Nd4
{[%clk 0:29:35]} Nc5 {[%clk 0:21:31]} 17. Rab1 {[%clk 0:23:11]} Be6
{[%clk 0:20:08]} 18. Rb5 {[%clk 0:18:43]} Rc7 {[%clk 0:12:11]} 19. Bc6+
{[%clk 0:17:18]} Bd7 {[%clk 0:11:32]} 20. Rxc5 {[%clk 0:15:56]} Bxc6
{[%clk 0:11:51]} 21. Nxc6 {[%clk 0:15:07]} Rxc6 {[%clk 0:11:48]} 22. Rxc6
{[%clk 0:14:50]} bxc6 {[%clk 0:12:17]} 23. Rf4 {[%clk 0:14:15]} c5
{[%clk 0:07:38]} 24. Rf5 {[%clk 0:10:54]} Rc8 {[%clk 0:06:53]} 25. a4
{[%clk 0:09:53]} f6 {[%clk 0:06:37]} 26. Rd5 {[%clk 0:09:58]} Ke7
{[%clk 0:04:51]} 27. Kf2 {[%clk 0:07:49]} Ke6 {[%clk 0:05:07]} 28. c4
{[%clk 0:08:10]} g6 {[%clk 0:04:37]} 29. Ke3 {[%clk 0:08:16]} h5 {[%clk 0:04:57]}
30. h4 {[%clk 0:08:25]} Rc6 {[%clk 0:04:10]} 31. a5 {[%clk 0:08:32]} Rc8
{[%clk 0:03:16]} 32. Ke4 {[%clk 0:08:19]} Rc6 {[%clk 0:03:16]} 33. Ke3
{[%clk 0:08:19]} Rc8 {[%clk 0:03:16]} 34. Ke4 {[%clk 0:08:19]} Rc6
{[%clk 0:03:16]} 1/2-1/2

[Event "Moscow Open F"]
[Site "?"]
[Date "2017.01.29"]
[Round "3.11"]
[White "Vasilyev, Vasily"]
[Black "Aseeva, Anastasia"]
[Result "1-0"]
[BlackElo "2002"]
[WhiteElo "2320"]
[LiveChessVersion "1.4.8"]

1. d4 d5 2. Nf3 Nf6 3. c4 c6 4. g3 g6 5. Bg2 Bg7 6. b3 O-O 7. O-O Bg4 8. Bb2 Bxf3
9. Bxf3 e6 10. Nc3 Nbd7 11. e4 dxe4 12. Nxe4 Nxe4 13. Bxe4 Qc7 14. Qe2 Rfe8 15.
h4 f5 16. Bg2 e5 17. d5 e4 18. dxc6 Qxc6 19. Bxg7 Kxg7 20. f3 Nc5 21. Rad1 Rac8
22. fxe4 Nxe4 23. Qb2+ Kg8 24. Rd5 Qb6+ 25. Kh2 Qc7 26. Rf4 Rcd8 27. Bxe4 Rxe4
28. Rxe4 fxe4 29. Qd4 Rxd5 30. Qxd5+ Kg7 31. Qxe4 Qb6 32. Kg2 a5 33. Kf3 Qb4 34.
Qe5+ Kg8 35. Ke4 b6 36. Qb8+ Kf7 37. Qc7+ Ke6 38. Kd3 h5 39. Kc2 Kf6 40. a3 Qxa3
41. Qxb6+ Kf5 42. Qb5+ Kf6 43. Qc6+ Kf5 44. Qa4 Qd6 45. Qxa5+ Kg4 46. Qg5+ Kh3
47. c5 Qa6 48. Kc3 Qa1+ 49. Kb4 Qd4+ 50. Ka5 Qc3+ 51. b4 Qd3 52. b5 Qa3+ 53. Kb6
Qd3 54. c6 Qd4+ 55. Kb7 Qg7+ 56. c7 Qd7 57. b6 Qf7 58. Kb8 1-0

[Event "Moscow Open F"]
[Site "?"]
[Date "2017.01.29"]
[Round "3.12"]
[White "Shopanov, Akzhan"]
[Black "Fotin, Vladimir"]
[Result "1/2-1/2"]
[BlackElo "2315"]
[WhiteElo "2129"]
[LiveChessVersion "1.4.8"]

1. e4 {[%clk 1:12:41]} d6 {[%clk 1:28:44]} 2. d4 {[%clk 1:12:17]} Nf6
{[%clk 1:29:05]} 3. Nc3 {[%clk 1:12:42]} c6 {[%clk 1:29:17]} 4. g3
{[%clk 1:11:41]} e5 {[%clk 1:28:07]} 5. Nge2 {[%clk 1:11:58]} Nbd7
{[%clk 1:26:10]} 6. Bg2 {[%clk 1:12:17]} b5 {[%clk 1:23:52]} 7. d5
{[%clk 1:12:17]} Bb7 {[%clk 1:24:11]} 8. dxc6 {[%clk 1:07:34]} Bxc6
{[%clk 1:24:11]} 9. Nd5 {[%clk 1:07:34]} Nxd5 {[%clk 1:24:11]} 10. exd5
{[%clk 1:07:34]} Bb7 {[%clk 1:03:04]} 11. O-O {[%clk 1:01:15]} Be7
{[%clk 0:58:24]} 12. a4 {[%clk 0:59:34]} bxa4 {[%clk 0:47:43]} 13. Rxa4
{[%clk 0:59:34]} a5 {[%clk 0:47:43]} 14. b3 {[%clk 0:59:34]} O-O {[%clk 0:47:43]}
15. Be3 {[%clk 0:51:47]} Qc7 {[%clk 0:30:06]} 16. c4 {[%clk 0:44:26]} Rfb8
{[%clk 0:24:21]} 17. Qa1 {[%clk 0:39:32]} Nc5 {[%clk 0:23:32]} 18. Ra3
{[%clk 0:37:51]} Bc8 {[%clk 0:23:24]} 19. Nc1 {[%clk 0:37:18]} Bd8
{[%clk 0:17:19]} 20. Re1 {[%clk 0:30:31]} Ra6 {[%clk 0:16:20]} 21. Bxc5
{[%clk 0:28:51]} Qxc5 {[%clk 0:16:20]} 22. Nd3 {[%clk 0:28:51]} Qa7
{[%clk 0:16:20]} 23. c5 {[%clk 0:28:51]} Bf5 {[%clk 0:16:20]} 24. Bf1
{[%clk 0:25:11]} Bf6 {[%clk 0:07:05]} 25. Nb2 {[%clk 0:24:00]} dxc5
{[%clk 0:06:00]} 26. Bxa6 {[%clk 0:21:43]} Qxa6 {[%clk 0:06:29]} 27. Nc4
{[%clk 0:19:07]} e4 {[%clk 0:04:22]} 28. Qc1 {[%clk 0:19:13]} Qb7
{[%clk 0:02:12]} 29. Qf4 {[%clk 0:18:43]} Bg6 {[%clk 0:02:03]} 30. Rd1
{[%clk 0:18:13]} Rd8 {[%clk 0:01:40]} 31. Nxa5 {[%clk 0:17:13]} Qb4
{[%clk 0:01:40]} 32. Ra4 {[%clk 0:17:13]} Qb5 {[%clk 0:01:40]} 33. Qc1
{[%clk 0:14:05]} Bh5 {[%clk 0:00:59]} 34. Re1 {[%clk 0:14:34]} Bf3
{[%clk 0:00:35]} 35. Qc4 {[%clk 0:14:31]} Qd7 {[%clk 0:00:45]} 36. Nc6
{[%clk 0:14:31]} Re8 {[%clk 0:00:59]} 37. Ra7 {[%clk 0:14:01]} Qd6
{[%clk 0:01:02]} 38. b4 {[%clk 0:11:50]} cxb4 {[%clk 0:01:24]} 39. Nxb4
{[%clk 0:11:59]} Rf8 {[%clk 0:00:46]} 40. Rc7 {[%clk 0:10:27]} h5
{[%clk 0:00:47]} 41. Rc8 {[%clk 0:08:03]} Rxc8 {[%clk 0:01:13]} 42. Qxc8+
{[%clk 0:08:28]} Kh7 {[%clk 0:01:40]} 43. Nc2 {[%clk 0:05:51]} Qxd5
{[%clk 0:01:51]} 44. Ne3 {[%clk 0:06:00]} Qd2 {[%clk 0:01:09]} 45. Rb1
{[%clk 0:06:28]} g6 {[%clk 0:00:40]} 46. Qc4 {[%clk 0:05:07]} Qd7
{[%clk 0:00:51]} 47. Qd5 {[%clk 0:05:02]} Qxd5 {[%clk 0:00:51]} 48. Nxd5
{[%clk 0:05:02]} Bd4 {[%clk 0:00:51]} 49. Rb4 {[%clk 0:05:19]} Be5
{[%clk 0:01:15]} 50. Ne3 {[%clk 0:05:19]} Kh6 {[%clk 0:00:54]} 51. Nc4
{[%clk 0:04:31]} Bc3 {[%clk 0:01:03]} 52. Rb3 {[%clk 0:04:31]} Bg7
{[%clk 0:01:03]} 53. Nd2 {[%clk 0:04:14]} Bd1 {[%clk 0:00:56]} 54. Rb7
{[%clk 0:02:43]} f5 {[%clk 0:01:24]} 55. Nc4 {[%clk 0:02:59]} h4 {[%clk 0:01:18]}
56. Nd6 {[%clk 0:02:19]} hxg3 {[%clk 0:01:17]} 57. hxg3 {[%clk 0:02:48]} Bf3
{[%clk 0:01:15]} 58. Nf7+ {[%clk 0:02:34]} Kh5 {[%clk 0:01:42]} 59. Ng5
{[%clk 0:02:34]} Kxg5 {[%clk 0:01:42]} 60. Rxg7 {[%clk 0:02:34]} Kf6
{[%clk 0:01:42]} 61. Ra7 {[%clk 0:02:34]} Be2 {[%clk 0:01:42]} 62. Rb7
{[%clk 0:02:27]} g5 {[%clk 0:01:36]} 63. Rb6+ {[%clk 0:02:42]} Ke5
{[%clk 0:01:50]} 64. Rg6 {[%clk 0:02:39]} g4 {[%clk 0:02:17]} 65. Rg5
{[%clk 0:02:39]} Kf6 {[%clk 0:02:17]} 66. Rg8 {[%clk 0:02:39]} Kf7
{[%clk 0:02:40]} 1/2-1/2

[Event "Moscow Open F"]
[Site "?"]
[Date "2017.01.29"]
[Round "3.13"]
[White "Kuzub, Pavel"]
[Black "Mingazov, Almaz"]
[Result "0-1"]
[BlackElo "2303"]
[WhiteElo "1964"]
[LiveChessVersion "1.4.8"]

1. Nf3 {[%clk 1:20:45]} Nf6 {[%clk 1:30:54]} 2. g3 {[%clk 1:20:33]} d5
{[%clk 1:31:18]} 3. Bg2 {[%clk 1:20:59]} Bg4 {[%clk 1:31:41]} 4. O-O
{[%clk 1:20:32]} Nbd7 {[%clk 1:32:01]} 5. d3 {[%clk 1:18:57]} e5 {[%clk 1:32:10]}
6. Nbd2 {[%clk 1:17:56]} c6 {[%clk 1:31:13]} 7. e4 {[%clk 1:13:32]} dxe4
{[%clk 1:30:27]} 8. dxe4 {[%clk 1:13:09]} Qc7 {[%clk 1:30:45]} 9. Qe2
{[%clk 1:10:52]} Be7 {[%clk 1:30:30]} 10. b3 {[%clk 1:10:51]} O-O
{[%clk 1:29:18]} 11. Bb2 {[%clk 1:10:07]} Rfe8 {[%clk 1:29:24]} 12. Nc4
{[%clk 0:59:30]} Bc5 {[%clk 1:24:27]} 13. a4 {[%clk 0:56:04]} Bh5
{[%clk 1:17:44]} 14. h3 {[%clk 0:53:15]} a5 {[%clk 1:16:55]} 15. Rfe1
{[%clk 0:48:27]} Bd4 {[%clk 1:07:56]} 16. c3 {[%clk 0:36:18]} Bc5
{[%clk 1:03:10]} 17. Qc2 {[%clk 0:36:43]} b5 {[%clk 0:58:30]} 18. Ne3
{[%clk 0:36:22]} Nb6 {[%clk 0:51:03]} 19. c4 {[%clk 0:32:16]} bxa4
{[%clk 0:49:53]} 20. bxa4 {[%clk 0:32:16]} Bb4 {[%clk 0:46:26]} 21. Red1
{[%clk 0:31:00]} Nbd7 {[%clk 0:46:24]} 22. g4 {[%clk 0:29:17]} Bg6
{[%clk 0:46:45]} 23. Nf5 {[%clk 0:29:09]} Nc5 {[%clk 0:39:40]} 24. Nd6
{[%clk 0:25:16]} Re6 {[%clk 0:32:45]} 25. Bxe5 {[%clk 0:21:09]} Ncd7
{[%clk 0:32:11]} 26. Ne8 {[%clk 0:17:31]} Qb7 {[%clk 0:28:23]} 27. Nxf6+
{[%clk 0:17:16]} Nxf6 {[%clk 0:26:51]} 28. Bxf6 {[%clk 0:15:27]} Bxe4
{[%clk 0:25:10]} 29. Qe2 {[%clk 0:15:27]} Bxf3 {[%clk 0:25:10]} 30. Qxf3
{[%clk 0:15:55]} Rxf6 {[%clk 0:25:28]} 31. Qe3 {[%clk 0:15:53]} Re6
{[%clk 0:24:03]} 32. Qg5 {[%clk 0:15:26]} h6 {[%clk 0:22:49]} 33. Rd8+
{[%clk 0:08:55]} Bf8 {[%clk 0:22:54]} 34. Qd2 {[%clk 0:09:15]} Rxd8
{[%clk 0:22:08]} 35. Qxd8 {[%clk 0:09:44]} Qb4 {[%clk 0:20:57]} 36. Bf1
{[%clk 0:09:04]} Rd6 {[%clk 0:20:02]} 37. Qe8 {[%clk 0:08:09]} g6
{[%clk 0:19:18]} 38. Qe4 {[%clk 0:06:04]} Rf6 {[%clk 0:16:45]} 39. Ra2
{[%clk 0:03:46]} Kg7 {[%clk 0:16:48]} 40. f3 {[%clk 0:03:19]} Bc5+
{[%clk 0:16:22]} 41. Kh1 {[%clk 0:03:44]} Re6 {[%clk 0:16:17]} 42. Qc2
{[%clk 0:03:48]} Bd4 {[%clk 0:16:18]} 43. Qd3 {[%clk 0:03:51]} c5
{[%clk 0:15:57]} 44. Kg2 {[%clk 0:02:56]} Re3 {[%clk 0:16:44]} 45. Qd1
{[%clk 0:03:25]} Qc3 {[%clk 0:13:22]} 46. Be2 {[%clk 0:02:00]} Re6
{[%clk 0:13:29]} 47. Rc2 {[%clk 0:01:40]} Qe3 {[%clk 0:13:50]} 48. Bd3
{[%clk 0:02:08]} Be5 {[%clk 0:13:23]} 49. Qd2 {[%clk 0:02:02]} Qd4
{[%clk 0:07:33]} 50. Be4 {[%clk 0:02:30]} Qa1 {[%clk 0:07:55]} 51. Ra2
{[%clk 0:02:48]} Rd6 {[%clk 0:08:00]} 52. Bd5 {[%clk 0:02:46]} Qb1
{[%clk 0:08:24]} 53. Qc2 {[%clk 0:01:55]} Qe1 {[%clk 0:08:26]} 54. Qf2
{[%clk 0:02:24]} Qb4 {[%clk 0:07:04]} 55. Qd2 {[%clk 0:01:37]} Bc3
{[%clk 0:07:18]} 56. Qd3 {[%clk 0:01:38]} Bd4 {[%clk 0:07:40]} 57. Qd1
{[%clk 0:01:52]} Rb6 {[%clk 0:07:28]} 58. Rd2 {[%clk 0:01:53]} Qc3
{[%clk 0:07:40]} 59. Qc2 {[%clk 0:00:45]} Qa1 {[%clk 0:07:44]} 60. f4
{[%clk 0:00:41]} Qg1+ {[%clk 0:07:48]} 61. Kf3 {[%clk 0:01:10]} Qe3+
{[%clk 0:06:05]} 62. Kg2 {[%clk 0:01:34]} Rb3 {[%clk 0:06:30]} 0-1

[Event "Moscow Open F"]
[Site "?"]
[Date "2017.01.29"]
[Round "3.14"]
[White "Kamrukov, Alexey"]
[Black "Basyrov, Ruslan"]
[Result "1-0"]
[BlackElo "1897"]
[WhiteElo "2311"]
[LiveChessVersion "1.4.8"]

1. d4 {[%clk 1:30:56]} Nf6 {[%clk 1:30:51]} 2. c4 {[%clk 1:31:22]} g6
{[%clk 1:31:12]} 3. Nc3 {[%clk 1:31:49]} Bg7 {[%clk 1:31:39]} 4. e4
{[%clk 1:32:14]} d6 {[%clk 1:32:06]} 5. Nf3 {[%clk 1:32:39]} O-O {[%clk 1:32:25]}
6. Be2 {[%clk 1:33:04]} e5 {[%clk 1:32:31]} 7. O-O {[%clk 1:33:28]} Nc6
{[%clk 1:32:53]} 8. d5 {[%clk 1:33:33]} Ne7 {[%clk 1:33:16]} 9. Ne1
{[%clk 1:33:54]} Nd7 {[%clk 1:33:09]} 10. Be3 {[%clk 1:34:12]} f5
{[%clk 1:33:33]} 11. f3 {[%clk 1:34:32]} f4 {[%clk 1:31:58]} 12. Bf2
{[%clk 1:34:55]} g5 {[%clk 1:32:22]} 13. a4 {[%clk 1:33:51]} Nf6 {[%clk 1:32:19]}
14. a5 {[%clk 1:32:22]} Ng6 {[%clk 1:31:48]} 15. c5 {[%clk 1:31:56]} h5
{[%clk 1:31:28]} 16. cxd6 {[%clk 1:31:05]} cxd6 {[%clk 1:31:56]} 17. Nb5
{[%clk 1:29:46]} a6 {[%clk 1:28:36]} 18. Bb6 {[%clk 1:29:17]} Qe7
{[%clk 1:28:08]} 19. Nc7 {[%clk 1:23:19]} Rb8 {[%clk 1:28:34]} 20. Ba7
{[%clk 1:01:33]} Qxc7 {[%clk 1:28:51]} 21. Rc1 {[%clk 1:02:01]} Qxa5
{[%clk 1:29:11]} 22. Bxb8 {[%clk 1:02:25]} Qb6+ {[%clk 1:19:28]} 23. Kh1
{[%clk 1:02:08]} g4 {[%clk 1:16:52]} 24. Bc7 {[%clk 1:01:51]} Qxb2
{[%clk 1:16:29]} 25. Bxd6 {[%clk 1:00:54]} Re8 {[%clk 1:16:58]} 26. Nd3
{[%clk 0:56:05]} Qa2 {[%clk 1:07:58]} 27. Ra1 {[%clk 0:54:51]} 1-0

[Event "Moscow Open F"]
[Site "?"]
[Date "2017.01.29"]
[Round "3.15"]
[White "Mikheev, Evgeniy"]
[Black "Volkov, Igor"]
[Result "1-0"]
[BlackElo "2008"]
[WhiteElo "2115"]
[LiveChessVersion "1.4.8"]

1. Nf3 {[%clk 1:30:56]} Nf6 {[%clk 1:30:53]} 2. c4 {[%clk 1:31:20]} d6
{[%clk 1:31:05]} 3. d4 {[%clk 1:31:33]} g6 {[%clk 1:31:30]} 4. Nc3
{[%clk 1:31:59]} Bg7 {[%clk 1:31:53]} 5. e4 {[%clk 1:32:20]} O-O {[%clk 1:32:18]}
6. Be2 {[%clk 1:32:47]} Nbd7 {[%clk 1:32:22]} 7. O-O {[%clk 1:33:09]} e5
{[%clk 1:32:49]} 8. Rb1 {[%clk 1:31:15]} exd4 {[%clk 1:29:05]} 9. Nxd4
{[%clk 1:30:58]} Nc5 {[%clk 1:29:23]} 10. f3 {[%clk 1:31:08]} a5 {[%clk 1:29:37]}
11. Ndb5 {[%clk 1:23:54]} Bd7 {[%clk 1:26:23]} 12. Be3 {[%clk 1:23:09]} Re8
{[%clk 1:26:28]} 13. Qd2 {[%clk 1:22:44]} Bc6 {[%clk 1:24:29]} 14. Rbd1
{[%clk 1:14:58]} Nfd7 {[%clk 1:20:05]} 15. Nd4 {[%clk 1:09:44]} Ne6
{[%clk 1:19:48]} 16. Nxc6 {[%clk 1:07:29]} bxc6 {[%clk 1:20:17]} 17. f4
{[%clk 1:07:10]} Nec5 {[%clk 1:08:52]} 18. e5 {[%clk 0:52:41]} dxe5
{[%clk 1:03:55]} 19. Bf3 {[%clk 0:45:26]} exf4 {[%clk 0:54:26]} 20. Bxf4
{[%clk 0:37:30]} Ne5 {[%clk 0:49:41]} 21. Bxe5 {[%clk 0:36:20]} Qxd2
{[%clk 0:48:08]} 22. Rxd2 {[%clk 0:36:44]} Bxe5 {[%clk 0:47:12]} 23. Bxc6
{[%clk 0:36:28]} Bxc3 {[%clk 0:36:48]} 24. bxc3 {[%clk 0:36:01]} Rad8
{[%clk 0:35:30]} 25. Rb2 {[%clk 0:31:39]} Re3 {[%clk 0:33:21]} 26. Bd5
{[%clk 0:31:07]} Ne6 {[%clk 0:32:09]} 27. Rb5 {[%clk 0:25:05]} Rxc3
{[%clk 0:28:48]} 28. Rxa5 {[%clk 0:25:14]} c6 {[%clk 0:27:55]} 29. Bxc6
{[%clk 0:21:28]} Rxc4 {[%clk 0:28:18]} 30. Bd5 {[%clk 0:20:12]} Rc2
{[%clk 0:28:26]} 31. h3 {[%clk 0:19:40]} Re2 {[%clk 0:26:29]} 32. Bf3
{[%clk 0:16:27]} Rb2 {[%clk 0:25:19]} 33. a4 {[%clk 0:15:32]} Rdd2
{[%clk 0:25:22]} 34. Ra8+ {[%clk 0:10:53]} Kg7 {[%clk 0:25:44]} 35. Ra7
{[%clk 0:09:31]} Nf4 {[%clk 0:20:42]} 36. Be4 {[%clk 0:08:55]} g5
{[%clk 0:20:33]} 37. h4 {[%clk 0:03:12]} h6 {[%clk 0:20:40]} 38. Ra5
{[%clk 0:02:51]} f6 {[%clk 0:17:41]} 39. Ra7+ {[%clk 0:02:49]} Kg8
{[%clk 0:16:20]} 40. a5 {[%clk 0:02:56]} f5 {[%clk 0:14:00]} 41. Bc6
{[%clk 0:02:26]} Nxg2 {[%clk 0:10:36]} 42. Rc1 {[%clk 0:02:41]} Rbc2
{[%clk 0:03:46]} 43. Rxc2 {[%clk 0:02:32]} Rxc2 {[%clk 0:04:14]} 44. Bxg2
{[%clk 0:02:48]} f4 {[%clk 0:04:35]} 45. Bd5+ {[%clk 0:02:18]} Kf8
{[%clk 0:04:59]} 46. a6 {[%clk 0:02:21]} Rc5 {[%clk 0:05:05]} 47. Rb7
{[%clk 0:01:23]} Ke8 48. Rb4 1-0

[Event "Moscow Open F"]
[Site "?"]
[Date "2017.01.29"]
[Round "3.16"]
[White "Sokolov, Vladimir"]
[Black "Astrelin, Evgeny"]
[Result "0-1"]
[BlackElo "1961"]
[WhiteElo "2020"]
[LiveChessVersion "1.4.8"]

1. e4 {[%clk 1:29:31]} c5 {[%clk 1:30:57]} 2. c4 {[%clk 1:29:21]} d6
{[%clk 1:31:22]} 3. Nc3 {[%clk 1:29:46]} e6 {[%clk 1:31:12]} 4. g3
{[%clk 1:30:08]} Nc6 {[%clk 1:31:06]} 5. Bg2 {[%clk 1:30:27]} g6 {[%clk 1:31:06]}
6. Nge2 {[%clk 1:30:43]} Bg7 {[%clk 1:31:30]} 7. Rb1 {[%clk 1:30:14]} Nge7
{[%clk 1:31:52]} 8. O-O {[%clk 1:29:57]} O-O {[%clk 1:32:16]} 9. d3
{[%clk 1:28:54]} Rb8 {[%clk 1:30:29]} 10. a3 {[%clk 1:29:04]} Nd4
{[%clk 1:30:29]} 11. Be3 {[%clk 1:27:17]} a6 {[%clk 1:29:25]} 12. b4
{[%clk 1:24:14]} Qc7 {[%clk 1:26:47]} 13. f4 {[%clk 1:06:09]} f5 {[%clk 1:24:37]}
14. bxc5 {[%clk 0:50:55]} dxc5 {[%clk 1:14:59]} 15. e5 {[%clk 0:44:20]} Rd8
{[%clk 1:14:07]} 16. Bf2 Nec6 {[%clk 1:09:19]} 17. Na4 {[%clk 0:29:35]} Nxe2+
{[%clk 0:31:29]} 18. Qxe2 {[%clk 0:29:59]} Nd4 {[%clk 0:31:56]} 19. Bxd4
{[%clk 0:28:02]} Rxd4 {[%clk 0:25:19]} 20. Nb6 {[%clk 0:27:32]} Bd7
{[%clk 0:24:40]} 21. Nxd7 {[%clk 0:25:19]} Rxd7 {[%clk 0:18:14]} 22. a4
{[%clk 0:24:07]} Bf8 {[%clk 0:18:09]} 23. Rb3 {[%clk 0:21:30]} Qa5
{[%clk 0:14:42]} 24. Qa2 {[%clk 0:20:57]} Rbd8 {[%clk 0:12:45]} 25. Rd1
{[%clk 0:20:31]} b5 {[%clk 0:12:00]} 26. Bc6 {[%clk 0:11:46]} Rd4
{[%clk 0:12:28]} 27. cxb5 {[%clk 0:11:52]} c4 {[%clk 0:12:57]} 28. Rbb1
{[%clk 0:11:38]} Qb6 {[%clk 0:12:53]} 29. Kh1 {[%clk 0:10:07]} Qc5
{[%clk 0:12:10]} 30. Rbc1 {[%clk 0:07:03]} axb5 {[%clk 0:12:16]} 31. axb5
{[%clk 0:06:58]} Rxd3 {[%clk 0:12:08]} 32. Rxd3 {[%clk 0:06:16]} Rxd3
{[%clk 0:12:33]} 33. Kg2 {[%clk 0:03:33]} Qe3 {[%clk 0:10:22]} 34. Rc2
{[%clk 0:02:07]} Rd1 {[%clk 0:04:57]} 35. Qxc4 {[%clk 0:01:46]} Kf7
{[%clk 0:05:17]} 36. Kh3 {[%clk 0:01:25]} g5 {[%clk 0:05:12]} 37. Qe2
{[%clk 0:00:57]} g4+ {[%clk 0:05:04]} 38. Kh4 {[%clk 0:01:24]} Kg6
{[%clk 0:04:48]} 39. Be8+ {[%clk 0:00:46]} Kh6 {[%clk 0:05:16]} 40. Rc7
{[%clk 0:00:38]} 0-1

[Event "Moscow Open F"]
[Site "?"]
[Date "2017.01.29"]
[Round "3.17"]
[White "Mukhametgaleeva, Railia"]
[Black "Tekeyev, Zaur"]
[Result "0-1"]
[BlackElo "2357"]
[WhiteElo "1932"]
[LiveChessVersion "1.4.8"]

1. e4 {[%clk 1:30:58]} c5 {[%clk 1:30:56]} 2. Nf3 {[%clk 1:31:23]} Nc6
{[%clk 1:31:21]} 3. d4 {[%clk 1:31:40]} cxd4 {[%clk 1:31:44]} 4. Nxd4
{[%clk 1:32:06]} e5 {[%clk 1:32:09]} 5. Nb5 {[%clk 1:32:29]} d6 {[%clk 1:32:35]}
6. c4 {[%clk 1:32:36]} Be7 {[%clk 1:32:30]} 7. N1c3 {[%clk 1:32:00]} a6
{[%clk 1:32:52]} 8. Na3 {[%clk 1:32:25]} f5 {[%clk 1:32:33]} 9. exf5
{[%clk 1:28:06]} Bxf5 {[%clk 1:32:58]} 10. Bd3 {[%clk 1:28:14]} Be6
{[%clk 1:33:22]} 11. Nc2 {[%clk 1:22:57]} Nf6 {[%clk 1:33:46]} 12. Ne3
{[%clk 1:21:39]} Qd7 {[%clk 1:28:44]} 13. a3 {[%clk 1:07:33]} O-O
{[%clk 1:28:20]} 14. O-O {[%clk 1:05:07]} Rae8 {[%clk 1:20:30]} 15. Ne4
{[%clk 0:58:09]} Kh8 {[%clk 0:51:50]} 16. Ng5 {[%clk 0:48:49]} Bg8
{[%clk 0:50:37]} 17. Bf5 {[%clk 0:42:28]} Qd8 {[%clk 0:50:29]} 18. Ne6
{[%clk 0:36:25]} Bxe6 {[%clk 0:50:47]} 19. Bxe6 {[%clk 0:36:54]} Nd4
{[%clk 0:51:02]} 20. Bd5 {[%clk 0:35:44]} Qc8 {[%clk 0:47:27]} 21. Bd2
{[%clk 0:31:32]} Nxd5 {[%clk 0:44:43]} 22. cxd5 {[%clk 0:31:54]} Bd8
{[%clk 0:45:06]} 23. Bb4 {[%clk 0:20:17]} Qd7 {[%clk 0:44:57]} 24. Nc4
{[%clk 0:18:12]} Rf6 {[%clk 0:36:21]} 25. f3 {[%clk 0:15:02]} Nf5
{[%clk 0:24:19]} 26. Bd2 {[%clk 0:07:55]} Qb5 {[%clk 0:23:42]} 27. Bg5
{[%clk 0:03:41]} Qxc4 {[%clk 0:21:42]} 28. Bxf6 {[%clk 0:04:08]} gxf6
{[%clk 0:20:46]} 29. Re1 {[%clk 0:02:48]} Bb6+ {[%clk 0:20:57]} 30. Kh1
{[%clk 0:03:01]} Qf4 {[%clk 0:15:20]} 31. Re4 {[%clk 0:02:23]} Qh6
{[%clk 0:15:40]} 32. Qe1 {[%clk 0:02:14]} Be3 {[%clk 0:12:47]} 33. g4
{[%clk 0:01:04]} Bf4 {[%clk 0:13:04]} 0-1